000 00550nam a22001817a 4500
005 20251108165918.0
008 250721s1994 xx 000 0 ara d
082 1 4 _aق/مور
100 1 _aمورياك، فرانسوا
245 1 0 _aصحراء الحب /
264 1 _aالقاهرة :
_bالدار المصرية اللبنانية،
_c1994.
300 _a244ص
490 0 _aروايات جائزة نوبل ؛ 4
650 1 7 _aالأدب القصصي
700 1 _aالعشري، فتحي
_eترجمة
942 _2ddc
_cBK
999 _c34631
_d34631